| 000 | 01688nam a22002297a 4500 | ||
|---|---|---|---|
| 999 |
_c60326 _d60326 |
||
| 003 | Ge_BSU | ||
| 005 | 20230629114146.0 | ||
| 008 | 230629s2017 ge ||||| |||| 00| 0 geo d | ||
| 020 | _a9789941277191 | ||
| 041 | _ageo | ||
| 080 | _a27-788-055.1(=353.1)(470) გ-82 | ||
| 100 |
_aგრიგოლი (ბერბიჭაშვილი, გურამ), მიტროპოლიტი. _919065 |
||
| 245 |
_aიონა ხელაშვილის მეტაფიზიკური კონცეფცია : _cგრიგოლი (ბერბიჭაშვილი, გურამ), მიტროპოლიტი; სამეცნ. რედ. თ. ირემაძე, ლ. ზაქარაძე და სხვ.; ახალი საქართველოს უნივერსიტეტი. კავკასიური ფილოსოფიისა და სამეცნიერო-კვლევიტი არქივი. |
||
| 264 |
_aთბილისი, _c2017. |
||
| 300 |
_a218 გვ. ; _b24 ს. |
||
| 501 | _aსახელთა საძიებელი გვ. 213-218 | ||
| 504 | _aბიბლიოგრ. გვ. 204-212 | ||
| 700 |
_aირემაე, თ. _eსამეცნ. რედაქტორი _919066 |
||
| 700 |
_aზაქარაზე, ლ. _eსამეცნ. რედაქტორი _919067 |
||
| 710 |
_aახალი საქართველოს უნივერსიტეტი. _bკავკასიური ფილოსოფიისა და სამეცნიერო-კვლევიტი არქივი. _919068 |
||
| 942 |
_2udc _cBK |
||